|
|
|
|
| LEADER |
00737cam a2200217 a 4500 |
| 001 |
0000123993 |
| 005 |
20190130090000.0 |
| 040 |
|
|
|a mod
|
| 041 |
|
|
|a eng
|
| 020 |
0 |
0 |
|a 0207955549
|
| 090 |
0 |
0 |
|a 952.031
|b WAR
|c 1974
|
| 100 |
1 |
0 |
|a Warner
|h Denis
|
| 245 |
1 |
4 |
|a The tide at sunrise
|b a history of the Russo-Japanese War, 1940-1905
|c by Denis Warner and Peggy Warner
|
| 260 |
0 |
0 |
|a London
|c Angus & Robertson
|c 1974
|
| 300 |
0 |
0 |
|a xi,627 p.
|c 23 cm
|
| 500 |
0 |
0 |
|a Includes bibliographical references and index
|
| 650 |
0 |
0 |
|a Russo-Japanese War
|y 1904-1905
|
| 700 |
1 |
0 |
|a Warner
|h Peggy
|
| 852 |
0 |
0 |
|a 01
|
| 999 |
|
|
|a 4000001226
|b KD Pelandok
|d BOOKS
|e Umum
|f KD PELANDOK
|j AVAILABLE
|q OLD
|
| 999 |
|
|
|a B000028065
|b MAWILLA I
|d BOOKS
|e Umum
|f MAWILLA 1
|j AVAILABLE
|q GOOD CONDITION
|